<?xml version="1.0" encoding="UTF-8"?>
<record
    xmlns:xsi="http://www.w3.org/2001/XMLSchema-instance"
    xsi:schemaLocation="http://www.loc.gov/MARC21/slim http://www.loc.gov/standards/marcxml/schema/MARC21slim.xsd"
    xmlns="http://www.loc.gov/MARC21/slim">

  <leader>00352nam a22001457a 4500</leader>
  <controlfield tag="003">SGT</controlfield>
  <datafield tag="020" ind1=" " ind2=" ">
    <subfield code="a">938426647-7</subfield>
  </datafield>
  <datafield tag="082" ind1=" " ind2=" ">
    <subfield code="a">615.19</subfield>
    <subfield code="b">GOY</subfield>
  </datafield>
  <datafield tag="100" ind1=" " ind2=" ">
    <subfield code="a">GOYAL, ANJALI </subfield>
  </datafield>
  <datafield tag="245" ind1=" " ind2=" ">
    <subfield code="a">A TEXTBOOK OF PHARMACEUTICAL ORGANIC CHEMISTRY -I</subfield>
  </datafield>
  <datafield tag="260" ind1=" " ind2=" ">
    <subfield code="a">INDIA </subfield>
    <subfield code="b">BIRLA PUB. </subfield>
    <subfield code="c">2027</subfield>
  </datafield>
  <datafield tag="300" ind1=" " ind2=" ">
    <subfield code="a">188</subfield>
  </datafield>
  <datafield tag="650" ind1=" " ind2=" ">
    <subfield code="a">PHARMACEUTICAL CHEMISTRY </subfield>
  </datafield>
  <datafield tag="942" ind1=" " ind2=" ">
    <subfield code="2">ddc</subfield>
    <subfield code="c">BK</subfield>
  </datafield>
  <datafield tag="952" ind1=" " ind2=" ">
    <subfield code="0">0</subfield>
    <subfield code="1">0</subfield>
    <subfield code="2">ddc</subfield>
    <subfield code="4">0</subfield>
    <subfield code="7">1</subfield>
    <subfield code="8">FS</subfield>
    <subfield code="a">SSSL</subfield>
    <subfield code="b">SSSL</subfield>
    <subfield code="c">REF</subfield>
    <subfield code="d">2025-10-31</subfield>
    <subfield code="e">ABC</subfield>
    <subfield code="g">250.00</subfield>
    <subfield code="i">SGTU</subfield>
    <subfield code="o">615.19 GOY</subfield>
    <subfield code="p">DP1511</subfield>
    <subfield code="r">2025-10-31 00:00:00</subfield>
    <subfield code="w">2029-09-17</subfield>
    <subfield code="y">BK</subfield>
    <subfield code="k">21721</subfield>
  </datafield>
  <datafield tag="952" ind1=" " ind2=" ">
    <subfield code="0">0</subfield>
    <subfield code="1">0</subfield>
    <subfield code="2">ddc</subfield>
    <subfield code="4">0</subfield>
    <subfield code="7">0</subfield>
    <subfield code="8">FS</subfield>
    <subfield code="a">SSSL</subfield>
    <subfield code="b">SSSL</subfield>
    <subfield code="c">TXT</subfield>
    <subfield code="d">2025-10-31</subfield>
    <subfield code="e">ABC</subfield>
    <subfield code="g">250.00</subfield>
    <subfield code="i">SGTU</subfield>
    <subfield code="l">3</subfield>
    <subfield code="o">615.19 GOY</subfield>
    <subfield code="p">DP1512</subfield>
    <subfield code="q">2026-06-17</subfield>
    <subfield code="r">2026-06-03 15:51:20</subfield>
    <subfield code="s">2026-06-03</subfield>
    <subfield code="w">2029-09-17</subfield>
    <subfield code="y">BK</subfield>
    <subfield code="k">21721</subfield>
  </datafield>
  <datafield tag="952" ind1=" " ind2=" ">
    <subfield code="0">0</subfield>
    <subfield code="1">0</subfield>
    <subfield code="2">ddc</subfield>
    <subfield code="4">0</subfield>
    <subfield code="7">0</subfield>
    <subfield code="8">FS</subfield>
    <subfield code="a">SSSL</subfield>
    <subfield code="b">SSSL</subfield>
    <subfield code="c">TXT</subfield>
    <subfield code="d">2025-10-31</subfield>
    <subfield code="e">ABC</subfield>
    <subfield code="g">250.00</subfield>
    <subfield code="i">SGTU</subfield>
    <subfield code="l">8</subfield>
    <subfield code="m">1</subfield>
    <subfield code="o">615.19 GOY</subfield>
    <subfield code="p">DP1513</subfield>
    <subfield code="q">2026-06-15</subfield>
    <subfield code="r">2026-06-01 12:05:33</subfield>
    <subfield code="s">2026-06-01</subfield>
    <subfield code="w">2029-09-17</subfield>
    <subfield code="y">BK</subfield>
    <subfield code="k">21721</subfield>
  </datafield>
  <datafield tag="952" ind1=" " ind2=" ">
    <subfield code="0">0</subfield>
    <subfield code="1">0</subfield>
    <subfield code="2">ddc</subfield>
    <subfield code="4">0</subfield>
    <subfield code="7">0</subfield>
    <subfield code="8">FS</subfield>
    <subfield code="a">SSSL</subfield>
    <subfield code="b">SSSL</subfield>
    <subfield code="c">TXT</subfield>
    <subfield code="d">2025-10-31</subfield>
    <subfield code="e">ABC</subfield>
    <subfield code="g">250.00</subfield>
    <subfield code="i">SGTU</subfield>
    <subfield code="l">5</subfield>
    <subfield code="o">615.19 GOY</subfield>
    <subfield code="p">DP1514</subfield>
    <subfield code="q">2026-06-11</subfield>
    <subfield code="r">2026-05-12 00:00:00</subfield>
    <subfield code="s">2026-05-12</subfield>
    <subfield code="w">2029-09-17</subfield>
    <subfield code="y">BK</subfield>
    <subfield code="k">21721</subfield>
  </datafield>
  <datafield tag="952" ind1=" " ind2=" ">
    <subfield code="0">0</subfield>
    <subfield code="1">0</subfield>
    <subfield code="2">ddc</subfield>
    <subfield code="4">0</subfield>
    <subfield code="7">0</subfield>
    <subfield code="8">FS</subfield>
    <subfield code="a">SSSL</subfield>
    <subfield code="b">SSSL</subfield>
    <subfield code="c">TXT</subfield>
    <subfield code="d">2025-10-31</subfield>
    <subfield code="e">ABC</subfield>
    <subfield code="g">250.00</subfield>
    <subfield code="i">SGTU</subfield>
    <subfield code="l">4</subfield>
    <subfield code="o">615.19 GOY</subfield>
    <subfield code="p">DP1515</subfield>
    <subfield code="q">2026-06-17</subfield>
    <subfield code="r">2026-06-03 15:42:33</subfield>
    <subfield code="s">2026-06-03</subfield>
    <subfield code="w">2029-09-17</subfield>
    <subfield code="y">BK</subfield>
    <subfield code="k">21721</subfield>
  </datafield>
  <datafield tag="999" ind1=" " ind2=" ">
    <subfield code="c">33067</subfield>
    <subfield code="d">33067</subfield>
  </datafield>
</record>
